Orlando Magic 2010s Top 10 Leaders - Statistics

General Stats
  • This quiz has been taken 86 times
  • The average score is 9 of 20
Answer Stats
Player % Correct
Dwight Howard
96%
Nikola Vučević
94%
Aaron Gordon
84%
Jameer Nelson
76%
Evan Fournier
75%
Hedo Türkoğlu
63%
D.J. Augustin
60%
Jonathan Isaac
57%
Victor Oladipo
51%
Elfrid Payton
43%
Arron Afflalo
37%
Tobias Harris
33%
J.J. Redick
28%
Ryan Anderson
21%
Bismack Biyombo
19%
Mario Hezonja
10%
Maurice Harkless
10%
Kyle O'Quinn
9%
Dewayne Dedmon
3%
Andrew Nicholson
0%
No matching quizzes found
Score Distribution
Percent of People with Each Score
Percentile by Number Answered
Your Score History
You have not taken this quiz